Energy Simulation in Building Design (Record no. 13522)
[ view plain ]
| 000 -LEADER | |
|---|---|
| fixed length control field | 00200 a2200085 4500 |
| 020 ## - INTERNATIONAL STANDARD BOOK NUMBER | |
| International Standard Book Number | 9780750650823 |
| 100 ## - MAIN ENTRY--PERSONAL NAME | |
| Personal name | Joseph Clarke |
| 245 ## - TITLE STATEMENT | |
| Title | Energy Simulation in Building Design |
| 260 ## - PUBLICATION, DISTRIBUTION, ETC. | |
| Name of publisher, distributor, etc. | Routledge |
| Date of publication, distribution, etc. | 2001 |
| Withdrawn status | Lost status | Source of classification or shelving scheme | Damaged status | Not for loan | Permanent Location | Current Location | Date acquired | Source of acquisition | Cost, normal purchase price | Barcode | Date last seen | Cost, replacement price | Price effective from | Koha item type |
|---|---|---|---|---|---|---|---|---|---|---|---|---|---|---|
| BMS College of Architecture, Design and Planning | BMS College of Architecture, Design and Planning | 2025-09-09 | 10 | 5154.36 | AR-UG4348 | 2025-09-09 | 7363.37 | 2025-09-09 | UG Books |